000
00282nam a2200121Ia 4500
008
190216s9999||||xx |||||||||||||| ||und||
100
_a
Krishan Warrrier
245
0
_a
Kavya Kauthukam
260
_b
Poorna Pubs Kozhikode
_c
1986
300
_a
70p
650
_a
Kavithkal
942
_c
BK
999
_c
25732
_d
25732